000 00954nas a2200301 4500
001 BR2012003234
003 BR-BrBNA
005 20231205120533.0
007 ta
008 230509b bl.|||p| |||| 00| 00por d
040 _aBR-BrBNA
_bpor
_cBiblioteca Nacional de Agricultura
041 _a(Pt)
072 _aF02
100 1 _aMarian, F.A. de C.
100 1 _aCarvalho, F.L.B.M. de
100 1 _aMarques, N.P.
100 1 _aCorrêa, L. de S.
100 1 _aBoliani, A.C.
100 1 _aMoreira, E.R.
245 1 _aEfeitos do ácido indolbutírico e tempo de imersão no enraizamento de estacas semi-lenhosas e herbáceas de Rubus sp
650 _aAMORA PRETA
650 _aPROPAGAÇÃO VEGETATIVA
650 _aREGULADOR DE CRESCIMENTO
650 _aMATÉRIA SECA
773 0 _tCultura Agronômica (Brazil)
_xISSN 0104-1010
_g(2010), v. 19(3) p. 79-87
_wBR2012003234
909 _a202311
_bLúcia
_c55
_dLúcia Elande
942 _2AGRIS
_n0
_cANA
999 _c219015
_d219015